| 000 | 00705nam a22001457a 4500 | ||
|---|---|---|---|
| 003 | OSt | ||
| 005 | 20150917163213.0 | ||
| 008 | 150917b xxu||||| |||| 00| 0 eng d | ||
| 040 | _cRUA | ||
| 082 | _aAGR LON 2004 B031 B031 | ||
| 100 |
_9705 _aLONG, CHANPHEA. |
||
| 245 | _aEffect of hill spacing on lecttuce yield under dរy season condition at royal university of agriculture 2004 ឥទ្ធិពលទៅលើទិន្នផលដំណាំសាលាដក្នុងលក្ខខណ្ឌរដូវប្រាំង នៅសាកលវិទ្យាល័យភូមិន្ទកសិកម្ម ឆ្នាំ ២០០៤ | ||
| 260 |
_aPhnom Penh _bRUA _c2004 |
||
| 942 |
_2ddc _cAGR |
||
| 999 |
_c678 _d678 |
||